Catalog

Record Details

Catalog Search



The broker : a novel  Cover Image CD Audiobook CD Audiobook

The broker : a novel / by John Grisham.

Grisham, John.: (author.). Boutsikaris, Dennis.: (narrator.).

Summary:

In his final hours in the Oval Office, the outgoing President grants a controversial last-minute pardon to Joel Backman, a notorious Washington power broker who has spent the last six years hidden away in a federal prison. What no one knows is that the President issued the pardon only after receiving enormous pressure from the CIA. It seems Backman, in his power broker heyday, may have obtained secrets that compromise the world's most sophisticated satellite surveillance system. Backman is quietly smuggled out of the country in a military cargo plane, given a new name, a new identity, and a new home in Italy. Eventually, after he has settled into his new life, the CIA will leak his whereabouts to the Israelis, the Russians, the Chinese, and the Saudis. Then the CIA will do what it does best: sit back and watch. The question is not whether Backman will survive, there is no chance of that. The question the CIA needs answered is, who will kill him?

Record details

  • ISBN: 0739334026
  • ISBN: 9780739334027
  • Physical Description: 5 audio discs (6 hours) : digital ; 4 3/4 inches.
  • Publisher: New York : Random House Audio, 2005.

Content descriptions

General Note:
In container (17 cm.).
"Abridged"--Container.
Compact disc.
Participant or Performer Note:
Read by Dennis Boutsikaris.
Subject: Americans > Italy > Fiction.
Attempted murder > Fiction.
Ex-convicts > Fiction.
Pardon > Fiction.
Italy > Fiction.
Genre: Thrillers (Fiction)
Legal stories.
Audiobooks.

Available copies

  • 1 of 1 copy available at scottsboropl.

Holds

  • 0 current holds with 1 total copy.
Show Only Available Copies
Location Call Number / Copy Notes Barcode Shelving Location Status Due Date
scottsboropl BK/CD Gri 32269000873482 Adult - Audiobook Available -

LDR 02042cim a2200457 a 4500
001121123
003SBPL
00520180403152256.0
007sd fsngnn|||eu
008061028s2005 nyunnnn f n eng d
020 . ‡a0739334026
020 . ‡a9780739334027
0243 . ‡a9780739316443
02802. ‡aRHCD 625 ‡bRandom House Audio
035 . ‡a(CONS)121123
035 . ‡a(OCoLC)57399272 ‡z(OCoLC)964419131 ‡z(OCoLC)994014505 ‡z(OCoLC)1003841401 ‡z(OCoLC)1038245369 ‡z(OCoLC)1057397014 ‡z(OCoLC)1083977852 ‡z(OCoLC)1100030965 ‡z(OCoLC)1102165977 ‡z(OCoLC)1107431582 ‡z(OCoLC)1111774523 ‡z(OCoLC)1117554068 ‡z(OCoLC)1121662672 ‡z(OCoLC)1126501592 ‡z(OCoLC)1129535410 ‡z(OCoLC)1135268119 ‡z(OCoLC)1140195147 ‡z(OCoLC)1143476653 ‡z(OCoLC)1178889975 ‡z(OCoLC)1273926662 ‡z(OCoLC)1283780490 ‡z(OCoLC)1287260166 ‡z(OCoLC)1291077160 ‡z(OCoLC)1295229583 ‡z(OCoLC)1298904175 ‡z(OCoLC)1300798847 ‡z(OCoLC)1301416842 ‡z(OCoLC)1303698826 ‡z(OCoLC)1313998731 ‡z(OCoLC)1375107772 ‡z(OCoLC)1543466024 ‡z(OCoLC)1548309110 ‡z(OCoLC)1559065950 ‡z(OCoLC)1566146528 ‡z(OCoLC)1571763104 ‡z(OCoLC)1573083613 ‡z(OCoLC)1574027117
050 4. ‡aPS3557.R5355 ‡bB76 2005c
08204. ‡a[Fic]
1001 . ‡aGrisham, John.: ‡eauthor.
24514. ‡aThe broker : ‡ba novel / ‡cby John Grisham.
260 . ‡aNew York : ‡bRandom House Audio, ‡c2005.
300 . ‡a5 audio discs (6 hours) : ‡bdigital ; ‡c4 3/4 inches.
336 . ‡aspoken word ‡bspw ‡2rdacontent
337 . ‡aaudio ‡bs ‡2rdamedia
338 . ‡aaudio disc ‡bsd ‡2rdacarrier
500 . ‡aIn container (17 cm.).
500 . ‡a"Abridged"--Container.
500 . ‡aCompact disc.
5110 . ‡aRead by Dennis Boutsikaris.
520 . ‡aIn his final hours in the Oval Office, the outgoing President grants a controversial last-minute pardon to Joel Backman, a notorious Washington power broker who has spent the last six years hidden away in a federal prison. What no one knows is that the President issued the pardon only after receiving enormous pressure from the CIA. It seems Backman, in his power broker heyday, may have obtained secrets that compromise the world's most sophisticated satellite surveillance system. Backman is quietly smuggled out of the country in a military cargo plane, given a new name, a new identity, and a new home in Italy. Eventually, after he has settled into his new life, the CIA will leak his whereabouts to the Israelis, the Russians, the Chinese, and the Saudis. Then the CIA will do what it does best: sit back and watch. The question is not whether Backman will survive, there is no chance of that. The question the CIA needs answered is, who will kill him?
650 0. ‡aAmericans ‡zItaly ‡vFiction.
650 0. ‡aAttempted murder ‡vFiction.
650 0. ‡aEx-convicts ‡vFiction.
650 0. ‡aPardon ‡vFiction.
651 0. ‡aItaly ‡vFiction.
655 7. ‡aThrillers (Fiction) ‡2lcgft
655 7. ‡aLegal stories. ‡2lcgft
655 7. ‡aAudiobooks. ‡2lcgft
7001 . ‡aBoutsikaris, Dennis.: ‡enarrator.
901 . ‡a121123 ‡bUnknown ‡c121123 ‡tbiblio

Additional Resources